Brands by Pictures - Statistics

General Stats
  • This quiz has been taken 7 times
  • The average score is 8 of 16
Answer Stats
Picture Answer % Correct
Adidas
100%
Mercedes
100%
Honda
86%
Puma
86%
Rolex
86%
Starbucks
86%
Monster
71%
Crocs
43%
Balenciaga
14%
Game Freak
14%
Li-ning
14%
MSI
14%
Realme
14%
Snapdragon
14%
Vinataba
14%
Yamaha
14%
No matching quizzes found
Score Distribution
Percent of People with Each Score
Percentile by Number Answered
Your Score History
You have not taken this quiz